Logo BPK

Biblioteka

Politechniki Koszalińskiej

Exploring artificial intelligence on your Sinclair QL / (Rekord nr 23801)

Szczegóły MARC
000 -ETYKIETA REKORDU
podpole kontrolne o stałej długości 00449nam a2200181 i 4500
001 - NUMER KONTROLNY REKORDU
pole kontrolne bg
020 ## - MIĘDZYNARODOWY ZNORMALIZOWANY NUMER KSIĄŻKI - ISBN
ISBN 0947695184
040 ## - ŹRÓDŁO KATALOGOWANIA
Instytucja, która utworzyła rekord BPK
041 ## - KOD JĘZYKA
Kod języka tekstu pol
080 ## - UNIWERSALNA KLASYFIKACJA DZIESIĘTNA - UKD
UKD 004.032
920 ## - Międzynarodowy znormalizowany numer książki – ISBN
ISBN 0-947695-18-4
008 - POLE O STAŁEJ DŁUGOŚCI - DANE KONTROLNE
podpole kontrolne o stałej długości s pl f |000 0 pol
100 1# - NAZWA OSOBOWA
Nazwa osobowa HARTNELL, Tim
245 #0 - TYTUŁ/ODPOWIEDZIALNOŚĆ
Tytuł Exploring artificial intelligence on your Sinclair QL /
Pozostałe elementy strefy tytułu i oznaczenia odpowiedzialności Tim Hartnell.
260 ## - STREFA ADRESU WYDAWNICZEGO
Miejsce wydania London,
Data publikacji, dystrybucji/powstania dokumentu 1984.
650 #9 - HASŁO PRZEDMIOTOWE W FORMIE NAZWY OGÓLNEJ LUB JEDNOSTKOWEJ
Nazwa ogólna lub geograficzna Inteligencja sztuczna
856 ## - LOKALIZACJA I DOSTĘP DO ELEKTRONICZNYCH DOKUMENTÓW ZDALNYCH
Link (URL) http://koha.tu.koszalin.pl/cgi-bin/koha/opac-detail.pl?biblionumber=23801
Tekst linku Katalog online BPK
942 ## - DODATKOWE ELEMENTY (KOHA)
Typ dokumentu Książka
Egzemplarze
Wycofany Status egzemplarza Uszkodzony Dostępność Lokalizacja stała Lokalizacja bieżąca Miejsce przechowywania Sygnatura Kod kreskowy Typ dokumentu
      Dostępny Biblioteka Politechniki Koszalińskiej Biblioteka Politechniki Koszalińskiej Wypożyczalnia BG 34030 02059884 Książka
© 2023 Biblioteka Politechniki Koszalińskiej :: KOHA